| 000 | 00589nam a2200169 a 4500 | ||
|---|---|---|---|
| 001 | 000028669 | ||
| 005 | 20200930055052.0 | ||
| 008 | 110411s1996 dr ac 000 0 spa d | ||
| 040 |
_aDO-SdBNP _bspa _cBNPHU |
||
| 082 |
_axxx _bC397c |
||
| 245 | 0 | 1 |
_aCentro de conservación de plantas de la isla Española : _bqué es y qué hace? / _ceditor técnico Geraldino Caminiro. |
| 260 |
_aSanto Domingo : _bImpretur, _c1996. |
||
| 300 |
_a22 p. : _bil., retrs. ; _c21 cm. |
||
| 500 | _aJardín Botánico Nacional Dr. Rafael M. Moscoso | ||
| 700 | 1 |
_aCaminero, Geraldino _eed. _955641 |
|
| 049 | _aBNPD | ||
| 999 |
_c28161 _d28161 |
||